=LDR 00000nam 2200000 4500 =001 INLIS000000000038154 =005 20200218070417 =035 ##$$a 0010-061300000038154 =008 200218################g##########0#ind## =041 ##$$a IND =082 ##$$a 152.4 =090 ##$$a 152.4, Tan l =100 ##$$a Tanudjaja, Freddy =245 1#$$a Ledakan pengaruh anda dalam 2 menit ! : $b Panduan paling praktis untuk mempengaruhi orang dalam 2 menit dengan hasil luar biasa! /$c Freddy Tanudjaja =650 #4$$a Motivasi =850 ##$$a NBPNMAT =020 ##$$a 978-979-22-4337-6 =084 ##$$a 152.4 Tan l =260 ##$$a Jakarta :$b Gramedia Pustaka Utama,$c 2009 =300 ##$$a ix, 116 Hlm. : $b Ilus ; $c 20 x14 cm. =990 ##$$a 1201100572 =990 ##$$a 1201100573 =990 ##$$a 1201100574 =990 ##$$a 1201100575 =990 ##$$a 21110164 =990 ##$$a 21110164 =990 ##$$a 1201100572 =990 ##$$a 1201100573 =990 ##$$a 1201100574 =990 ##$$a 1201100575 =990 ##$$a 2110165 =990 ##$$a 1201100572 =990 ##$$a 1201100573 =990 ##$$a 1201100574 =990 ##$$a 1201100575 =990 ##$$a 21110164 =990 ##$$a 21110167 =990 ##$$a 2110165 =990 ##$$a 1201100572 =990 ##$$a 1201100573 =990 ##$$a 1201100574 =990 ##$$a 1201100575 =990 ##$$a 21110164 =990 ##$$a 21110166 =990 ##$$a 21110167 =990 ##$$a 2110165 =990 ##$$a 1201100572 =990 ##$$a 1201100573 =990 ##$$a 1201100574 =990 ##$$a 1201100575 =990 ##$$a 21110164 =990 ##$$a 2110164 =990 ##$$a 21110166 =990 ##$$a 21110167 =990 ##$$a 2110165 =990 ##$$a 1201100572 =990 ##$$a 1201100573 =990 ##$$a 1201100574 =990 ##$$a 1201100575 =990 ##$$a 21110164 =990 ##$$a 21110165 =990 ##$$a 21110166 =990 ##$$a 21110167 =990 ##$$a 1201100573 =990 ##$$a 1201100574 =990 ##$$a 1201100575 =990 ##$$a 21110164 =990 ##$$a 21110165 =990 ##$$a 21110166 =990 ##$$a 21110167 =990 ##$$a 1201100573 =990 ##$$a 1201100574 =990 ##$$a 1201100575 =990 ##$$a 21110164 =990 ##$$a 21110165 =990 ##$$a 21110166 =990 ##$$a 21110167 =990 ##$$a 1201100573 =990 ##$$a 1201100574 =990 ##$$a 1201100575 =990 ##$$a 21110164 =990 ##$$a 21110164 =990 ##$$a 21110166 =990 ##$$a 21110167 =990 ##$$a 21110165 =990 ##$$a 1201100573 =990 ##$$a 1201100574 =990 ##$$a 1201100575 =990 ##$$a 1201100575 =990 ##$$a 21110166 =990 ##$$a 21110167 =990 ##$$a 21110165 =990 ##$$a 1201100573 =990 ##$$a 1201100574 =990 ##$$a 21110164 =990 ##$$a 1201100574 =990 ##$$a 21110166 =990 ##$$a 21110167 =990 ##$$a 21110165 =990 ##$$a 1201100573 =990 ##$$a 1201100575 =990 ##$$a 21110164 =990 ##$$a 1201100573 =990 ##$$a 21110166 =990 ##$$a 21110167 =990 ##$$a 21110165 =990 ##$$a 1201100574 =990 ##$$a 1201100575 =990 ##$$a 21110164